Kluby ligi rosyjskiej w sezonie 2020/21. - Statystyki

Ogólne statystyki
  • Ten quiz został rozwiązany 51 razy
  • Średni wynik to 8 z 16
Statystyki odpowiedzi
Klub % Poprawnych
CSKA Moskwa
93%
Zenit
93%
Spartak Moskwa
91%
Lokomotiv
87%
Dynamo Moskwa
74%
Krasnodar
70%
Rubin Kazań
65%
Ural
48%
Rostów
46%
Ufa
43%
Sochi
24%
Arsienał Tuła
13%
Akhmat Grozny
11%
Khimki
9%
Rotor Volgograd
2%
FC Tambow
0%
Nie znaleziono quizów pasujących do podanych kryteriów
Rozkład punktacji
Procent ludzi z każdym wynikiem
Percentyl według liczby udzielonych odpowiedzi
Twoja historia wyników
Nie rozwiązałeś tego quizu